000 00404nam a2200193Ia 4500
001 12868
003 GE_BSU
008 181216s||||||||xx |||||||||||||| ||und||
020 _a9780753827666
040 _cGE_BSU
080 _a821.111-312.4
100 _aFlynn,Gillian.
245 _aGone Girl.
260 _aLondon.
260 _c2012
300 _a490p;20cm.
653 _aGone Girl.
942 _cBK
999 _c46038
_d46038